Die Zauberflöte : Oper und Mysterium /

Saved in:
Bibliographic Details
Main Author: Assmann, Jan.
Format: Book
Language:German
Published: München : C. Hanser, c2005.
Subjects:
Tags: Add Tag
No Tags, Be the first to tag this record!
LEADER 00699cam a2200229 a 4500
001 009799159-7
005 20051114150127.0
008 050819s2005 gw ag b 001 0 ger
020 |a 3446206736 (hbk) 
035 0 |a ocm61320827 
040 |a OHX  |c OHX  |d ZCU  |d COO  |d HMU 
042 |a pcc 
050 4 |a ML410.M9  |b A9 2005 
050 4 |a ML410.M93  |b A87 2005 
100 1 |a Assmann, Jan. 
245 1 4 |a Die Zauberflöte :  |b Oper und Mysterium /  |c Jan Assmann. 
260 |a München :  |b C. Hanser,  |c c2005. 
300 |a 383 p. :  |b ill., music ;  |c 22 cm. 
504 |a Includes bibliographical references and indexes. 
600 1 0 |a Mozart, Wolfgang Amadeus,  |d 1756-1791.  |t Zauberflöte. 
988 |a 20051109 
906 |0 OCLC